000 02047nam a22002297a 4500
003 BJBSDDR
005 20260515102103.0
007 ta
008 260515s2009 nyu||||| |||| 00| 0 eng d
020 _a9780195324877
020 _a0197713505
040 _bspa
_cBJBSDDR
041 _aeng
050 _bB967g 2009
100 1 _aBurns, Jennifer,
_d1975-
_942977
245 1 0 _aGoddess of the market :
_bAyn Rand and the American Right /
_cJennifer Burns
260 _aNew York :
_bOxford University Press,
_c2009
300 _a369 pages :
_billustrations ;
_c 25 cm
520 _aWorshipped by her fans, denounced by her enemies, and forever shadowed by controversy and scandal, the novelist and philosopher Ayn Rand was a powerful thinker whose views on government and markets shaped the conservative movement from its earliest days. Drawing on unprecedented access to Rand's private papers and the original, unedited versions of Rand's journals, Jennifer Burns offers a groundbreaking reassessment of this key cultural figure, examining her life, her ideas, and her impact on conservative political thought. Goddess of the Market follows Rand from her childhood in Russia through her meteoric rise from struggling Hollywood screenwriter to bestselling novelist, including the writing of her wildly successful The Fountainhead and Atlas Shrugged. Burns highlights the two facets of Rand's work that make her a perennial draw for those on the right: her promotion of capitalism, and her defense of limited government. Both sprang from her early, bitter experience of life under Communism, and became among the most deeply enduring of her messages, attracting a diverse audience of college students and intellectuals, business people and Republican Party activists, libertarians and conservatives. The book also traces the development of Rand's Objectivist philosophy and her relationship with Nathaniel Branden, her closest intellectual partner, with whom she had an explosive falling out in 1968
942 _2lcc
_n0
_cBK
946 _icmc
999 _c127104
_d127104